000 00540nam a22001937a 4500
005 20251017105719.0
008 t2025 ||||||||||||||||||||||||d
040 _aGR-AtMCL
_bgre
_dGR-AtMCL
_eAACR2
100 1 _aSivoglou, Vasileios
245 1 _aA Foucauldian Discourse Analysis, of how minors can be led to commit a crime
_cVasileios Sivoglou
260 _c2025
300 _a39
526 0 _aBSc (HONS) Applied Psychology
650 0 _aPsychology
_910056
700 1 _99321
942 _cDS
999 _c9945
_d9945